UM Logo

Child development expert encourages parents to expose, explore, experience / (Record no. 17874)

MARC details
000 -LEADER
fixed length control field 00697nam a22002057a 4500
003 - CONTROL NUMBER IDENTIFIER
control field OSt
005 - DATE AND TIME OF LATEST TRANSACTION
control field 20230126162234.0
008 - FIXED-LENGTH DATA ELEMENTS--GENERAL INFORMATION
fixed length control field 230126b ||||| |||| 00| 0 eng d
040 ## - CATALOGING SOURCE
Transcribing agency 0
082 ## - DEWEY DECIMAL CLASSIFICATION NUMBER
Classification number DPer 370.5 M720 June - December 2017 v66 no. 1-7
100 ## - MAIN ENTRY--PERSONAL NAME
Personal name Pascual, Milagros
Relator term author.
9 (RLIN) 47515
245 ## - TITLE STATEMENT
Title Child development expert encourages parents to expose, explore, experience /
Statement of responsibility, etc. Milagros Pascual
260 ## - PUBLICATION, DISTRIBUTION, ETC. (IMPRINT)
Place of publication, distribution, etc. Philippines :
Name of publisher, distributor, etc. Papi Publishers, Inc.,
Date of publication, distribution, etc. November 2017.
300 ## - PHYSICAL DESCRIPTION
Extent volume 66, 209-210.
650 ## - SUBJECT ADDED ENTRY--TOPICAL TERM
Topical term or geographic name as entry element Child development.
9 (RLIN) 47516
650 ## - SUBJECT ADDED ENTRY--TOPICAL TERM
Topical term or geographic name as entry element Children-Growth.
9 (RLIN) 47517
650 ## - SUBJECT ADDED ENTRY--TOPICAL TERM
Topical term or geographic name as entry element Children.
9 (RLIN) 13927
700 ## - ADDED ENTRY--PERSONAL NAME
Personal name Pascual, Milagros
Relator term author.
9 (RLIN) 47515
942 ## - ADDED ENTRY ELEMENTS (KOHA)
Source of classification or shelving scheme Dewey Decimal Classification
Koha item type Periodicals

No items available.